[Event "Saint Petersburg"]
[Site "?"]
[Date "1999.??.??"]
[Round "?"]
[White "Ovetchkin, R."]
[Black "Kruppa, Y."]
[Result "1-0"]
[WhiteElo "2505"]
[BlackElo "2600"]
[PlyCount "71"]
[EventDate "1999.??.??"]
[Source "Chess Informant"]
[SourceDate "1999.10.01"]

1. d4 Nf6 2. Nf3 g6 3. g3 Bg7 4. Bg2 O-O 5. O-O d6 6. Nc3 d5 7. Be3 c6 8. h3 Nbd7 9. Qd2 Re8 10. Rad1 Qb6 11. b3 Qa5 12. Ne5 Nf8 13. f4 Qa3 14. g4 e6 15. Bf2 N6d7 16. e4 dxe4 17. Nxe4 Qe7 18. c4 f6 19. Nf3 b6 20. c5 Rd8 21. Qc2 Nb8 22. g5 f5 23. Nf6+ Kh8 24. Ne5 Bb7 25. b4 Nfd7 26. Nfxd7 Nxd7 27. Nxc6 Bxc6 28. Bxc6 Rac8 29. b5 bxc5 30. dxc5 e5 31. Bxd7 Rxd7 32. Rxd7 Qxd7 33. c6 Qd5 34. Qb3 Qxb3 35. axb3 exf4 36. Bxa7 1-0

[Event "Open"]
[Site "Andorra"]
[Date "2007.07.08"]
[Round "9.9"]
[White "Comas Fabrego, Luis"]
[Black "Baklan, Vladimir"]
[Result "1/2-1/2"]
[WhiteElo "2487"]
[BlackElo "2618"]
[PlyCount "87"]
[EventDate "2007.06.30"]
[Source "www.chesslib.no"]
[SourceDate "2004.05.04"]

1. Nf3 Nf6 2. g3 g6 3. Bg2 Bg7 4. O-O O-O 5. d4 d6 6. a4 a5 7. c3 Nbd7 8. Nbd2 e5 9. dxe5 dxe5 10. Nc4 e4 11. Nd4 Nc5 12. Qc2 Bd7 13. Rd1 Qe7 14. Be3 b6 15. Nb5 Rac8 16. b4 axb4 17. cxb4 Na6 18. Bd4 Nxb4 19. Qb2 Nc6 20. Bc3 Rfd8 21. Ne3 Na5 22. Rac1 Be6 23. Nd4 c5 24. Nxe6 Qxe6 25. Bh3 Qxh3 26. Bxf6 Bxf6 27. Qxf6 Rxd1+ 28. Rxd1 Qe6 29. Qxe6 fxe6 30. Rd6 c4 31. Rxb6 c3 32. Rxe6 c2 33. Nxc2 Rxc2 34. Rxe4 Ra2 35. f3 Nb3 36. Kf2 Nc5 37. Rc4 Nxa4 38. Rc8+ Kf7 39. Rc7+ Kf6 40. g4 Rb2 41. h4 h6 42. Rc6+ Kf7 43. Rc7+ Kf6 44. Rc6+ 1/2-1/2

[Event "JUG Cup"]
[Site "Ulcinj"]
[Date "1997.??.??"]
[Round "?"]
[White "Arsovic, Goran"]
[Black "Ilincic, Zlatko"]
[Result "0-1"]
[WhiteElo "2540"]
[BlackElo "2565"]
[PlyCount "72"]
[EventDate "1997.??.??"]
[Source "www.chesslib.no"]
[SourceDate "2004.05.04"]

1. Nf3 Nf6 2. d4 g6 3. g3 Bg7 4. Bg2 O-O 5. O-O d6 6. a4 Nc6 7. a5 Bf5 8. a6 bxa6 9. c3 Bxb1 10. Rxb1 Rb8 11. d5 Na5 12. Nd4 c5 13. dxc6 e5 14. Nc2 d5 15. Nb4 Rb5 16. Bg5 e4 17. Qd4 Nb3 18. Qxa7 a5 19. Nc2 Qc8 20. c4 dxc4 21. Bxf6 Bxf6 22. Na3 Rb4 23. Nc2 Rb8 24. c7 Rb7 25. Qa6 Kg7 26. Bxe4 Rxc7 27. Qxc8 Rcxc8 28. Rfd1 Rfe8 29. Bf3 Rcd8 30. Kg2 Nd2 31. Ra1 Bxb2 32. Rxa5 c3 33. Re1 Nxf3 34. Kxf3 Rd2 35. Na1 c2 36. Nxc2 Rxc2 0-1

[Event "Buenos Aires Najdorf"]
[Site "?"]
[Date "1995.??.??"]
[Round "?"]
[White "Panno, Oscar R"]
[Black "Van Wely, Loek"]
[Result "1/2-1/2"]
[WhiteElo "2530"]
[BlackElo "2575"]
[PlyCount "52"]
[EventDate "1995.??.??"]
[Source "www.chesslib.no"]
[SourceDate "2004.05.04"]

1. d4 Nf6 2. Nf3 g6 3. g3 Bg7 4. Bg2 O-O 5. O-O d6 6. a4 Na6 7. Nc3 d5 8. Bf4 Bf5 9. Be5 Nb4 10. Ne1 Nc6 11. Bxf6 Bxf6 12. e3 Nb4 13. e4 dxe4 14. Nxe4 Bg7 15. c3 Nd5 16. Nd3 c6 17. a5 Qc7 18. f4 Rad8 19. Qa4 b6 20. Qc2 bxa5 21. Rxa5 e5 22. Qa4 Rd6 23. Nb4 Bc8 24. Rc5 Nxb4 25. b3 Qd7 26. Qb5 exd4 1/2-1/2

[Event "ISR ch"]
[Site "?"]
[Date "1978.??.??"]
[Round "?"]
[White "Dzindzichashvili, R."]
[Black "Liberzon, V."]
[Result "1-0"]
[WhiteElo "2550"]
[BlackElo "2550"]
[PlyCount "65"]
[EventDate "1978.??.??"]
[Source "www.chesslib.no"]
[SourceDate "2004.05.04"]

1. Nf3 Nf6 2. g3 g6 3. b3 Bg7 4. Bb2 d6 5. d4 c5 6. Bg2 Qa5+ 7. Qd2 Nc6 8. Qxa5 Nxa5 9. dxc5 dxc5 10. e4 O-O 11. e5 Nd5 12. a3 c4 13. b4 Nc6 14. b5 Na5 15. Nc3 Nb6 16. O-O-O a6 17. Rhe1 axb5 18. Nd4 Na4 19. Nxa4 bxa4 20. Bc3 Bg4 21. f3 Bd7 22. f4 Ra7 23. Bb4 b6 24. e6 Bxd4 25. exf7+ Rxf7 26. Rxd4 e6 27. Rd6 b5 28. Red1 Nb3+ 29. cxb3 axb3 30. Kb2 Kg7 31. Bc5 Rc7 32. Bb6 c3+ 33. Kxb3 1-0

[Event "FRG Ch International"]
[Site "Munich GER"]
[Date "1979.??.??"]
[Round "?"]
[White "Pfleger, Helmut"]
[Black "Olafsson, Fridrik"]
[Result "1-0"]
[WhiteElo "2545"]
[BlackElo "2555"]
[PlyCount "78"]
[EventDate "1979.02.??"]
[Source "www.chesslib.no"]
[SourceDate "2004.05.04"]

1. Nf3 Nf6 2. g3 g6 3. Bg2 Bg7 4. O-O O-O 5. d4 d6 6. Nc3 Nbd7 7. d5 Nc5 8. Nd4 Bd7 9. e4 Qc8 10. Re1 Bh3 11. Bh1 Ng4 12. Nce2 e5 13. dxe6 fxe6 14. f3 Nxe4 15. fxe4 Nf2 16. Qd2 Nxh1 17. Kxh1 e5 18. Nb3 Rf2 19. Qe3 Qf8 20. Nf4 Rf1+ 21. Rxf1 Bxf1 22. Ng2 Qf7 23. Bd2 Rf8 24. Re1 b6 25. Nh4 Bh3 26. Qe2 Bf1 27. Qd1 Bh3 28. Be3 a5 29. a3 a4 30. Nd2 Qd7 31. Qe2 d5 32. exd5 Qxd5+ 33. Kg1 Kh8 34. Qc4 Qd7 35. Ne4 Qg4 36. Qd3 Qc8 37. Ng5 Bf5 38. Nxf5 gxf5 39. Qd5 Qe8 1-0

[Event "Bastia Cup"]
[Site "Bastia"]
[Date "1999.12.04"]
[Round "1.1"]
[White "Bauer, Christian"]
[Black "Bologan, Viktor"]
[Result "1/2-1/2"]
[WhiteElo "2480"]
[BlackElo "2620"]
[PlyCount "132"]
[EventDate "1999.11.??"]
[Source "ChessBase"]
[SourceDate "2000.01.11"]

1. d4 Nf6 2. Nf3 g6 3. g3 Bg7 4. Bg2 O-O 5. O-O d6 6. a4 c5 7. d5 Na6 8. Nc3 Nb4 9. Ne1 e6 10. dxe6 fxe6 11. Nb5 d5 12. Nd3 Na6 13. Bf4 c4 14. Ne5 Nh5 15. e3 Nxf4 16. exf4 g5 17. Ra3 Nc5 18. Qh5 Qf6 19. Nc7 Rb8 20. Ne8 Qh6 21. Nxg7 Qxg7 22. Qxg5 Nd7 23. Re1 Nxe5 24. Rxe5 h6 25. Qxg7+ Kxg7 26. Bh3 Rf6 27. Rae3 b5 28. a5 b4 29. Bxe6 d4 30. Re1 Bxe6 31. Rxe6 b3 32. cxb3 Rxb3 33. Re7+ Rf7 34. Rxf7+ Kxf7 35. Re4 Rd3 36. Kf1 Rd2 37. Ke1 Rxb2 38. Rxd4 c3 39. Rc4 c2 40. Kd2 c1=Q+ 41. Kxc1 Rxf2 42. Rc2 Rf1+ 43. Kb2 Kf6 44. Rc6+ Kg7 45. Rc7+ Kg6 46. a6 Rf2+ 47. Rc2 Rf3 48. Rc7 Rf2+ 49. Rc2 Rf3 50. Rc7 Rf2+ 51. Ka3 Rxh2 52. Rxa7 Rg2 53. Rb7 Rxg3+ 54. Rb3 Rg1 55. Kb4 Kf5 56. a7 Rg8 57. Ka5 Ra8 58. Kb6 Kxf4 59. Rh3 Kg5 60. Kb7 Rxa7+ 61. Kxa7 h5 62. Kb6 Kg4 63. Rh1 h4 64. Kc5 h3 65. Kd4 Kg3 66. Ke3 Kg2 1/2-1/2

[Event "Lone Pine op"]
[Site "Lone Pine"]
[Date "1981.??.??"]
[Round "?"]
[White "Pfleger, Helmut"]
[Black "Romanishin, Oleg M"]
[Result "1/2-1/2"]
[WhiteElo "2505"]
[BlackElo "2595"]
[PlyCount "76"]
[EventDate "1981.04.??"]
[Source "ChessBase"]

1. Nf3 Nf6 2. d4 g6 3. g3 Bg7 4. Bg2 d5 5. O-O c6 6. c3 O-O 7. Nbd2 Bf5 8. Nh4 Be6 9. Ndf3 Qc8 10. Qb3 Ne4 11. Ng5 Nxg5 12. Bxg5 Re8 13. Nf3 Nd7 14. Bf4 h6 15. h4 Nb6 16. a4 Nc4 17. Nd2 Nd6 18. Bxd6 exd6 19. e3 Qd7 20. f3 Re7 21. Rae1 Rae8 22. Kf2 Bf5 23. Rh1 Re6 24. g4 Bd3 25. Bf1 Bxf1 26. Nxf1 Qe7 27. Qd1 Bf6 28. Kg3 Rf8 29. f4 Re8 30. g5 Bg7 31. Rh3 Re4 32. Kf2 Qd7 33. Rg3 h5 34. Nd2 R4e7 35. Qc2 c5 36. Nf3 Re4 37. Rgg1 Qf5 38. Qb1 Qd7 1/2-1/2

[Event "JUG Team Ch"]
[Site "Igalo"]
[Date "1994.??.??"]
[Round "2"]
[White "Kosic, Dragan"]
[Black "Mozetic, Dejan"]
[Result "1-0"]
[WhiteElo "2515"]
[BlackElo "2585"]
[PlyCount "58"]
[EventDate "1994.??.??"]
[Source "www.chesslib.no"]
[SourceDate "2004.05.04"]

1. Nf3 Nf6 2. g3 g6 3. b3 Bg7 4. Bb2 d6 5. d4 c5 6. Bg2 cxd4 7. Nxd4 d5 8. O-O O-O 9. c4 dxc4 10. bxc4 Qb6 11. Qb3 Nfd7 12. e3 Nc6 13. Qxb6 Nxb6 14. Nd2 Nxd4 15. Bxd4 Rd8 16. c5 e5 17. Bc3 Nd5 18. Ba5 b6 19. e4 Nf4 20. gxf4 bxa5 21. Nc4 Ba6 22. Rfc1 exf4 23. Rab1 Rac8 24. Nxa5 Bd4 25. e5 Bd3 26. Rb3 Be2 27. Nc6 Rd7 28. Bh3 Rxc6 29. Bxd7 Rxc5 1-0

[Event "Sevilla op"]
[Site "Sevilla"]
[Date "1990.??.??"]
[Round "?"]
[White "Kurajica, Bojan"]
[Black "Ehlvest, Jaan"]
[Result "1-0"]
[WhiteElo "2480"]
[BlackElo "2620"]
[PlyCount "81"]
[EventDate "1990.??.??"]
[Source "www.chesslib.no"]
[SourceDate "2004.05.04"]

1. d4 Nf6 2. Nf3 d6 3. g3 g6 4. Bg2 Bg7 5. O-O O-O 6. c4 Ne4 7. Qc2 f5 8. d5 Na6 9. Nfd2 Nf6 10. a3 e5 11. dxe6 Nc5 12. b4 Nxe6 13. Bb2 f4 14. Nf3 Qe7 15. Nc3 c6 16. Rad1 fxg3 17. hxg3 Nc7 18. b5 cxb5 19. cxb5 Ng4 20. Qb3+ Be6 21. Qb4 Rad8 22. Nh2 Ne5 23. Nd5 Nxd5 24. Bxd5 Rf5 25. Qe4 Bxd5 26. Rxd5 Qf7 27. Bxe5 Rxe5 28. Rxe5 dxe5 29. Rc1 Qd5 30. Qxd5+ Rxd5 31. Rc8+ Bf8 32. a4 a6 33. Ng4 Rc5 34. Rb8 axb5 35. Rxb7 Bg7 36. axb5 h5 37. Ne3 Bf8 38. b6 Rb5 39. Nc4 Bc5 40. Kg2 e4 41. Rc7 1-0